Účtovníctvo pre manžérov a pre podnikateľov zbierka príkladov

Saved in:
Bibliographic Details
Main Author: Tumpach, Miloš, 1970-
Other Authors: Gedeon, Milan, 1993-, Parajka, Branislav, 1981-, Surovičová, Adriana, 1990-, Bednárová, Beáta, Ondrušová, Lucia, 1981-, Šumanová, Radka, 1991-
Format: Book
Language:Slovak
Published: Bratislava Slovenská komora certifikovaných účtovníkov 2023
Edition:1. vydanie
Subjects:
Tags: Add Tag
No Tags, Be the first to tag this record!

MARC

LEADER 00000nam a2200000 4500
001 0296850
005 20260309090844.3
020 |a 978-80-974151-7-4 
041 0 |a slo 
044 |a SK 
245 1 0 |a Účtovníctvo pre manžérov a pre podnikateľov  |b zbierka príkladov  |c Miloš Tumpach, Milan Gedeon, Branislav Parajka, Adriana Surovičová ; recenzovali: Beáta Bednárová, Lucia Ondrušová, Radka Šumanová 
250 |a 1. vydanie 
264 1 |a Bratislava  |b Slovenská komora certifikovaných účtovníkov  |c 2023 
300 |a 271 s. [13,5 AH] 
610 2 0 |a účtovníctvo 
610 2 0 |a manažéri 
610 2 0 |a podnikatelia 
610 2 0 |a majetok 
610 2 0 |a záväzky 
610 2 0 |a imanie vlastné 
610 2 0 |a súvaha 
610 2 0 |a výkaz ziskov a strát 
610 2 0 |a oceňovanie 
610 2 0 |a dokumentácia účtovná 
610 2 0 |a zdroje finančné 
610 2 0 |a majetok finančný 
610 2 0 |a dane z hodnoty pridanej 
610 2 0 |a uzávierka účtovná 
610 2 0 |a inventarizácia 
610 2 0 |a analýza finančná 
100 1 |a Tumpach, Miloš, 1970- 
700 1 |a Gedeon, Milan, 1993- 
700 1 |a Parajka, Branislav, 1981- 
700 1 |a Surovičová, Adriana, 1990- 
700 1 |a Bednárová, Beáta 
700 1 |a Ondrušová, Lucia, 1981- 
700 1 |a Šumanová, Radka, 1991-